Southville International School and Colleges
Your cart is empty.
  • Cart
  • Lists
    Public lists list_1 View all
    Your lists Log in to create your own lists
  • Log in to your account
  • Your cookies
  • Search history
Southville International School and Colleges
  • Advanced search
  • Recent comments
  • Most popular
  • Libraries

Log in to your account

Log in with GOOGLE


If you do not have an external account, but do have a local account, you can still log in:

  1. Home
  2. MARC view: Viewpoint :
Normal view MARC view ISBD view

Viewpoint : (Record no. 21089)

[ view plain ]
MARC details
000 -LEADER
fixed length control field 00572nam a2200193 a 4500
005 - DATE AND TIME OF LATEST TRANSACTION
control field 20140310183306.0
008 - FIXED-LENGTH DATA ELEMENTS--GENERAL INFORMATION
fixed length control field 050906s19uu xx 00 eng d
020 ## - INTERNATIONAL STANDARD BOOK NUMBER
International Standard Book Number 9780130987877
050 ## - LIBRARY OF CONGRESS CALL NUMBER
Classification number G 154
Item number .St784 2003
100 ## - MAIN ENTRY--PERSONAL NAME
Personal name Starr, Nona
245 ## - TITLE STATEMENT
Title Viewpoint :
Remainder of title an introduction to travel, tourism, and hospitality /
Statement of responsibility, etc Nona Starr.
250 ## - EDITION STATEMENT
Edition statement 4th
260 ## - PUBLICATION, DISTRIBUTION, ETC. (IMPRINT)
Place of publication, distribution, etc New Jersey :
Name of publisher, distributor, etc Pearson Education,
Date of publication, distribution, etc 2003.
300 ## - PHYSICAL DESCRIPTION
Extent 414 p. :
Other physical details ill. col. ;
Dimensions 28 cm.
521 ## - TARGET AUDIENCE NOTE
Target audience note
650 ## - SUBJECT ADDED ENTRY--TOPICAL TERM
Topical term or geographic name as entry element Travel agents
General subdivision Vocational guidance.
942 ## - ADDED ENTRY ELEMENTS (KOHA)
Koha item type Books
Source of classification or shelving scheme Library of Congress Classification
Call number prefix Foreign
Holdings
Withdrawn status Lost status Source of classification or shelving scheme Damaged status Home library Current library Shelving location Date acquired Source of acquisition Cost, normal purchase price Total Checkouts Full call number Barcode Date last seen Copy number Price effective from Koha item type
    Library of Congress Classification   College Library College Library General Circulation Section 07/21/2010   4270.00   G 154 .St784 2003 C6123 05/15/2018 1 10/10/2013 Books

Viewpoint :

APA

Starr N., . (2003). Viewpoint. New Jersey: Pearson Education.

Chicago

Starr Nona, . 2003. Viewpoint. New Jersey: Pearson Education.

Harvard

Starr N., . (2003). Viewpoint. New Jersey: Pearson Education.

MLA

Starr Nona, . Viewpoint. New Jersey: Pearson Education. 2003.

  • Place hold
  • Print
  • Cite
  • Add to your cart (remove)
  • Save record
    BIBTEX Dublin Core MARCXML MARC (non-Unicode/MARC-8) MARC (Unicode/UTF-8) MARC (Unicode/UTF-8, Standard) MODS (XML) RIS
  • More searches
    Search for this title in:
    Other Libraries (WorldCat) Other Databases (Google Scholar) Online Stores (Bookfinder.com) Open Library (openlibrary.org)

Exporting to Dublin Core...

SOUTHVILLE LIBRARY

Southville International School and Colleges Library

1281 Tropical Ave. Cor. Luxembourg St., BF Homes International, Las Pinas City

Tel. No. 8256374 / 252358 Loc. 117/146

Powered by Koha